000 00479nam a2200193Ia 4500
005 20240823040417.0
008 240823s9999||||xx |||||||||||||| ||und||
020 _a978-93-81098-09-7
041 _aTAMIL
082 _A371.30281 Q2
100 _aUmasankar R
245 0 _aKanakil Unga Kuzhandhaiyum Methaiyaagalaam Part 2
250 _a1st
260 _c2012
_bBlackhole Media Public
500 _aYES
650 _aTamil Books
_bGeneral
942 _cBK
999 _c203040
_d203040